000 00975cam a22003137a 4500
999 _c234556
_d234556
001 13525977
003 Nust
005 20170322171749.0
008 031216s2003 ii 000 1 eng
010 _a 2003322056
020 _z9780143065869
025 _aI-E-2003-322056; 25
035 _a(DLC) 2003322056
037 _bLibrary of Congress -- New Delhi Overseas Office
_cRs395.00
040 _aDLC
_cDLC
041 1 _aeng
_hpan
042 _alcode
050 0 0 _aMLCM 2003/01278 (P)
_aPK2659.S514
082 _a891.423
_bSIN
100 0 _aNānaka Siṅgha,
_d1897-1971.
240 1 0 _aThe watchmaker.
_lEnglish
245 1 0 _aThe watchmaker /
_ctranslation, Navdeep Suri.
260 _aNew Delhi :
_bA 'N' B Publishers,
_c2003.
300 _a177 p. ;
_c22 cm.
500 _aNovel.
700 1 _aSuri, Navdeep.
906 _a7
_bcbc
_corigode
_d5
_encip
_f20
_gy-gencatlg
942 _2ddc
_cBK